000 00425nam a2200157 i 4500
001 81435
003 ES-MaACL
005 20230906174433.0
007 t|
008 041104s1914 fr ||||1| fre d
100 1 _aHuan, Gabriel.
_964462
245 1 3 _aLe Dieu de Spinoza /
_cpar Gabriel Huan.
260 _aParis :
_bFélix Alcan,
_c1914 (
_eArras :
_fSchoutheer)
300 _a338 p. ;
_c25 cm.
852 _aES-MaACL
_jF-9384
999 _c81435
_d81435